00705nam a2200193Ia 4500001001000000003000500010008004100015010001100056040000900067100003400076245009400110260003400204300001000238502010600248650004000354650003400394650003300428710005000461Para_5806CHAP220125s1980 xx 000 0 und d a202642 cCHAP aGómez Flores, Marco Antonio aEl cultivo de la caña de azúcar y su perspectiva /c por Marco Antonio Gómez Flores aChapingo, Méx. :b el autor a96 h. aTesis (Ing. Agr. Esp. en Parasitología Agrícola) -- UACh. Departamento Parasitología Agrícola aCaña de azúcar x enfermedades  aCaña de azúcar x plagas  aCaña de azúcar x Puebla aUACh. Departamento Parasitología Agrícola